[Event "10th European Teams w"]
[Site "Warsaw POL"]
[Date "2013.11.08"]
[Round "1.14"]
[White "Degrande, Marigje"]
[Black "Van Weersel, Arlette"]
[Result "1-0"]
[BlackTitle "WIM"]
[WhiteElo "1867"]
[BlackElo "2180"]
[WhiteTeam "Belgium"]
[BlackTeam "Netherlands"]
[WhiteFideId "262757"]
[BlackFideId "1009877"]
[EventDate "2013.11.08"]

1. d4 Nf6 2. c4 g6 3. Nc3 d5 4. e3 Bg7 5. Nf3 O-O 6. Be2 dxc4 7. Bxc4 c5 8. d5
Nbd7 9. e4 Nb6 10. Be2 e6 11. d6 Nbd7 12. O-O h6 13. Qc2 b6 14. Be3 Bb7 15. h3
a6 16. Rad1 Kh7 17. Rfe1 b5 18. Nd2 Qb6 19. Nb3 Rac8 20. f3 Rc6 21. Qd2 Rd8 22.
f4 e5 23. fxe5 Nxe5 24. Nd5 Nxd5 25. exd5 Rcc8 26. Nxc5 Rxc5 27. b4 Rxd5 28.
Bxb6 Rxd2 29. Rxd2 Rd7 30. Rc1 Nc6 31. Bf3 Ne5 32. Bxb7 Rxb7 33. Bc7 Nd7 34. Bd8
Rb8 35. Be7 Be5 36. Rc7 Nb6 37. Rc5 Bf4 38. Rd3 Rb7 39. Kf1 Rd7 40. g3 Bg5 41.
Bxg5 hxg5 42. Rc7 Kg7 43. Rxd7 Nxd7 44. Re3 Nf8 45. Ra3 Kf6 46. Rxa6 Ke6 47. Rb6
f5 48. Rxb5 Kxd6 49. g4 fxg4 50. hxg4 Ne6 51. Rb6+ Kd7 52. Rxe6 1-0

[Event "10th European Teams w"]
[Site "Warsaw POL"]
[Date "2013.11.08"]
[Round "1.15"]
[White "Tuominen, Tanja"]
[Black "Efroimski, Marsel"]
[Result "0-1"]
[WhiteTitle "WIM"]
[BlackTitle "WIM"]
[WhiteElo "2105"]
[BlackElo "2313"]
[WhiteTeam "Finland"]
[BlackTeam "Israel"]
[WhiteFideId "502340"]
[BlackFideId "2810964"]
[EventDate "2013.11.08"]

1. e4 c5 2. c3 e6 3. d4 d5 4. exd5 exd5 5. Nf3 Nc6 6. Be3 Qb6 7. Qd2 c4 8. Qc2
Nge7 9. b3 Bf5 10. Qd1 Na5 11. Nbd2 Rc8 12. bxc4 dxc4 13. Ne5 Qa6 14. Be2 f6 15.
Nef3 Nd5 16. Qc1 Bd3 17. Bxd3 cxd3 18. O-O Rxc3 19. Qd1 Rc6 20. Nh4 g6 21. Qf3
Nc3 22. Kh1 Qb5 23. Rfe1 Kf7 24. Ne4 Nxe4 25. Qxe4 Re6 26. Qf3 Bb4 27. Reb1 Qa4
28. d5 Rd6 29. Qe4 Re8 30. Qxb4 Qxb4 31. Rxb4 Rxd5 32. Nf3 Rc8 33. a4 Rc2 34.
Nd4 d2 35. Rd1 Rc1 36. Rb1 Nb3 37. Rbxc1 dxc1=Q 38. Bxc1 Rxd4 39. Rxd4 Nxd4 40.
Be3 Nc6 41. Kg1 Ke6 42. Kf1 Ke5 0-1

[Event "10th European Teams w"]
[Site "Warsaw POL"]
[Date "2013.11.08"]
[Round "1.15"]
[White "Klinova, Masha"]
[Black "Savola, Laura"]
[Result "1-0"]
[WhiteTitle "IM"]
[BlackTitle "WFM"]
[WhiteElo "2291"]
[BlackElo "2076"]
[WhiteTeam "Israel"]
[BlackTeam "Finland"]
[WhiteFideId "2802015"]
[BlackFideId "506168"]
[EventDate "2013.11.08"]

1. e4 e6 2. Nf3 d5 3. Nc3 d4 4. Ne2 c5 5. Ng3 Nc6 6. Bb5 Bd7 7. O-O g6 8. Bxc6
Bxc6 9. Ne5 Qc7 10. Nxc6 Qxc6 11. d3 Bg7 12. f4 Nf6 13. f5 exf5 14. exf5 O-O 15.
Bg5 Nd5 16. Qf3 h6 17. Bd2 Rae8 18. Rae1 Kh7 19. Ne4 a6 20. f6 Bh8 21. Bxh6 1-0

[Event "10th European Teams w"]
[Site "Warsaw POL"]
[Date "2013.11.08"]
[Round "1.15"]
[White "Puuska, Heini"]
[Black "Vasiliev, Olga"]
[Result "0-1"]
[WhiteTitle "WFM"]
[BlackTitle "WIM"]
[WhiteElo "1982"]
[BlackElo "2282"]
[WhiteTeam "Finland"]
[BlackTeam "Israel"]
[WhiteFideId "502324"]
[BlackFideId "2807602"]
[EventDate "2013.11.08"]

1. c4 e5 2. g3 Nf6 3. Bg2 h6 4. e3 Nc6 5. a3 a5 6. Nc3 Be7 7. Nge2 O-O 8. O-O d6
9. d4 Qe8 10. d5 Nb8 11. Nb5 Bd8 12. Bd2 Nh7 13. b4 axb4 14. axb4 Rxa1 15. Qxa1
Na6 16. Qa3 f5 17. f4 Nf6 18. Nec3 Bd7 19. Na7 Ng4 20. h3 Nf6 21. c5 Nb8 22. c6
bxc6 23. dxc6 Nxc6 24. Nxc6 Bxc6 25. Bxc6 Qxc6 26. fxe5 Nh5 27. Qa2+ Kh8 28. g4
Ng3 29. Rf4 Qh1+ 30. Kf2 Qh2+ 31. Kf3 Qxh3 32. gxf5 dxe5 0-1

[Event "10th European Teams w"]
[Site "Warsaw POL"]
[Date "2013.11.08"]
[Round "1.15"]
[White "Borsuk, Angela"]
[Black "Rautanen, Sari"]
[Result "1/2-1/2"]
[WhiteTitle "IM"]
[WhiteElo "2186"]
[BlackElo "1956"]
[WhiteTeam "Israel"]
[BlackTeam "Finland"]
[WhiteFideId "2806452"]
[BlackFideId "502332"]
[EventDate "2013.11.08"]

1. d4 d6 2. Nf3 Bg4 3. g3 Bxf3 4. exf3 Nf6 5. Bg2 c6 6. O-O e6 7. f4 d5 8. f5
exf5 9. Re1+ Be7 10. Qe2 Nbd7 11. c4 dxc4 12. Nc3 Nb6 13. Bg5 Kf8 14. Rad1 Qc7
15. Qf3 h6 16. Bf4 Qd7 17. Be5 Rd8 18. h4 Nbd5 19. a4 a5 20. Qe2 b5 21. Bxf6
Bxf6 22. Bxd5 cxd5 23. Nxb5 g6 24. h5 g5 25. Qd2 Ra8 26. f3 Kg7 27. Kg2 Rhe8 28.
Rxe8 Rxe8 29. Re1 Ra8 30. Re2 Kf8 31. Kf2 Kg7 32. Qe1 Kf8 33. Qc3 Kg7 34. Qe1
Kf8 35. Qc3 Kg7 36. Qe1 Kf8 37. Qc3 Kg7 1/2-1/2

[Event "10th European Teams w"]
[Site "Warsaw POL"]
[Date "2013.11.08"]
[Round "1.16"]
[White "Cmilyte, Viktorija"]
[Black "Ptacnikova, Lenka"]
[Result "1-0"]
[WhiteTitle "GM"]
[BlackTitle "WGM"]
[WhiteElo "2506"]
[BlackElo "2238"]
[WhiteTeam "Lithuania"]
[BlackTeam "Iceland"]
[WhiteFideId "12801259"]
[BlackFideId "305650"]
[EventDate "2013.11.08"]

1. Nf3 Nf6 2. c4 e6 3. Nc3 Bb4 4. Qc2 d6 5. a3 Bxc3 6. Qxc3 b6 7. e3 Nbd7 8. Be2
Bb7 9. O-O O-O 10. b4 c5 11. Bb2 Rc8 12. d4 cxd4 13. Qxd4 d5 14. cxd5 Bxd5 15.
Rfc1 Qe7 16. Ba6 Rxc1+ 17. Rxc1 Nb8 18. Bd3 Qb7 19. Ng5 h6 20. Bh7+ Kh8 21. Qxf6 1-0

[Event "10th European Teams w"]
[Site "Warsaw POL"]
[Date "2013.11.08"]
[Round "1.16"]
[White "Thorsteinsdottir, Hallgerdur"]
[Black "Daulyte, Deimante"]
[Result "0-1"]
[BlackTitle "WGM"]
[WhiteElo "1951"]
[BlackElo "2336"]
[WhiteTeam "Iceland"]
[BlackTeam "Lithuania"]
[WhiteFideId "2302454"]
[BlackFideId "12802859"]
[EventDate "2013.11.08"]

1. d4 Nf6 2. c4 g6 3. Nc3 d5 4. cxd5 Nxd5 5. Bd2 Bg7 6. e4 Nb6 7. Be3 O-O 8. Bb5
Qd6 9. f4 c6 10. Be2 Rd8 11. Nf3 Bg4 12. Ne5 Bxe2 13. Qxe2 N8d7 14. O-O Nxe5 15.
fxe5 Qe6 16. Rad1 c5 17. d5 Qxe5 18. Bxc5 Nd7 19. Bd4 Qd6 20. Bxg7 Kxg7 21. Qf2
Ne5 22. Nb5 Qb6 23. Qxb6 axb6 24. a3 Rac8 25. Rf2 Rc4 26. Nc3 b5 27. Nxb5 Rxe4
28. Nc3 Re3 29. Re2 Rxe2 30. Nxe2 Nc4 31. Rd4 Rc8 32. h3 Rc7 33. Kf2 Nxb2 34. d6
exd6 35. Rxd6 Nc4 36. Rd3 Rc6 37. Rc3 Na5 38. Rd3 Rc4 39. Nd4 Ra4 40. Nb5 Nc4
41. Rb3 h5 42. Nc7 Rxa3 43. Rxb7 Ra2+ 44. Kf3 Ne5+ 45. Kf4 Nd3+ 46. Ke3 Ne1 47.
g4 Ra3+ 48. Ke2 Ng2 49. Ne6+ Kf6 50. Nd8 Nf4+ 51. Kf1 Ra1+ 52. Kf2 Nxh3+ 53. Kg3
Ra3+ 54. Kg2 Ng5 55. gxh5 gxh5 56. Rb6+ Kg7 57. Nc6 h4 58. Rb1 Ra2+ 59. Kf1 h3
60. Nd4 Ne4 61. Rb4 Ng3+ 0-1

[Event "10th European Teams w"]
[Site "Warsaw POL"]
[Date "2013.11.08"]
[Round "1.16"]
[White "Finnbogadottir, Tinna Kristin"]
[Black "Vanagaite, Giedre"]
[Result "1-0"]
[WhiteElo "1882"]
[BlackElo "2057"]
[WhiteTeam "Iceland"]
[BlackTeam "Lithuania"]
[WhiteFideId "2300214"]
[BlackFideId "12800546"]
[EventDate "2013.11.08"]

1. e4 c5 2. Nc3 Nc6 3. g3 g6 4. d3 Bg7 5. Be3 d6 6. Bg2 Rb8 7. Qd2 b5 8. Nge2
Nd4 9. O-O Nxe2+ 10. Qxe2 b4 11. Nd1 Nf6 12. e5 Ng4 13. exd6 Qxd6 14. Bf4 e5 15.
h3 O-O 16. Bc1 Nh6 17. Ne3 Nf5 18. Nc4 Qc7 19. Rb1 Nd4 20. Qd1 Bb7 21. Be3 Ne6
22. Bxb7 Rxb7 23. Qd2 Rd8 24. f3 f5 25. Rbe1 f4 26. gxf4 exf4 27. Bf2 Ng5 28.
Kg2 Qd7 29. Rh1 Qd5 30. Qe2 Bf6 31. h4 Re7 32. Qd1 Ne6 33. Re4 Qf5 34. Qe2 Rdd7
35. Ne5 Rc7 36. Ng4 Bg7 37. Re1 Kf7 38. Re5 Nd4 39. Rxf5+ gxf5 40. Qd2 fxg4 41.
Qxf4+ Kg8 42. fxg4 Rb7 43. Qd6 Rxe1 44. Bxe1 Nxc2 45. Qd8+ Bf8 46. Bf2 Nd4 47.
Bxd4 cxd4 48. Qxd4 h6 49. g5 Rg7 50. Qd5+ Kh8 51. Qf5 Be7 52. g6 Bxh4 53. Qf8+ 1-0

[Event "10th European Teams w"]
[Site "Warsaw POL"]
[Date "2013.11.09"]
[Round "2.1"]
[White "Efroimski, Marsel"]
[Black "Gunina, Valentina"]
[Result "1/2-1/2"]
[WhiteTitle "WIM"]
[BlackTitle "GM"]
[WhiteElo "2313"]
[BlackElo "2509"]
[WhiteTeam "Israel"]
[BlackTeam "Russia"]
[WhiteFideId "2810964"]
[BlackFideId "4167570"]
[EventDate "2013.11.08"]

1. e4 c5 2. Nf3 e6 3. d4 cxd4 4. Nxd4 a6 5. Nc3 Qc7 6. Be2 Nf6 7. O-O Be7 8. f4
d6 9. Be3 O-O 10. a4 Nbd7 11. a5 b5 12. axb6 Nxb6 13. Kh1 Bb7 14. Bd3 d5 15. e5
Ne4 16. Qe2 Rfd8 17. f5 Qxe5 18. fxe6 fxe6 19. Nf3 Qc7 20. Bxb6 Qxb6 21. Nxe4
dxe4 22. Bxe4 Bxe4 23. Qxe4 Bf6 24. Rab1 Rac8 25. b3 Rc3 26. Rbe1 a5 27. Ne5 Rd4
28. Qa8+ Qd8 29. Qa7 Rc7 30. Qxa5 Rxc2 31. Qxd8+ Rxd8 32. Ng4 Bd4 33. h3 h5 34.
Nh2 Rd6 35. Nf3 Bf6 36. Rd1 Rb6 37. Rd3 Rb2 38. Re1 Kf7 39. Nd2 Ke7 40. Rd1 Rb7
41. Kg1 Bg5 42. Ne4 Bf4 43. Rf1 Be5 44. Rdf3 Rb4 45. Rf7+ Kd8 46. Ng5 Rb6 47.
Rd1+ Kc8 48. Re7 Rd6 49. Rxd6 Bxd6 50. Rxe6 Bg3 51. Kf1 h4 52. Ne4 Rb1+ 53. Ke2
Rb2+ 54. Kf1 Kd7 55. Rg6 Be5 56. Rg4 Rb1+ 57. Ke2 Rb2+ 58. Kf1 Kc6 59. Rxh4 Kd5
60. Rg4 Rxb3 61. Ke2 Bd4 62. Nd2 Re3+ 63. Kd1 Bf6 64. Kc2 Ra3 65. Nf3 Ke6 66.
Kd2 Kf5 67. Ke2 Ra2+ 68. Kd3 g5 69. Nd2 Be5 70. Rb4 Bf4 71. g4+ Ke6 72. Nf3 Ra3+
73. Ke2 Ra2+ 74. Kd3 Rf2 75. Nd4+ Kd6 76. Rb6+ Kc7 77. Rf6 Kd7 78. Rf7+ Ke8 79.
Rh7 Be5 1/2-1/2

[Event "10th European Teams w"]
[Site "Warsaw POL"]
[Date "2013.11.09"]
[Round "2.1"]
[White "Pogonina, Natalija"]
[Black "Klinova, Masha"]
[Result "0-1"]
[WhiteTitle "WGM"]
[BlackTitle "IM"]
[WhiteElo "2499"]
[BlackElo "2291"]
[WhiteTeam "Russia"]
[BlackTeam "Israel"]
[WhiteFideId "4147855"]
[BlackFideId "2802015"]
[EventDate "2013.11.08"]

1. d4 d6 2. e4 g6 3. Nc3 Bg7 4. Be3 a6 5. Qd2 Nd7 6. Nf3 b5 7. a4 b4 8. Ne2 Rb8
9. Ng3 c5 10. h4 h5 11. Ng5 cxd4 12. Bxd4 Bxd4 13. Qxd4 Ngf6 14. Bc4 O-O 15. O-O
Qb6 16. Qd2 Ne5 17. Bb3 a5 18. Kh1 Ba6 19. f4 Nc4 20. Bxc4 Bxc4 21. Rf3 Qc5 22.
Rc1 Rbc8 23. Ne2 Bxe2 24. Qxe2 Ng4 25. c4 e6 26. b3 d5 27. e5 Rfd8 28. Rff1 dxc4
29. Ne4 Qe3 30. Qxe3 Nxe3 31. Rfe1 cxb3 32. Nd6 Rxc1 33. Rxc1 Nd5 34. Rb1 Nxf4
35. Rxb3 Nd5 36. Rb2 Nc3 37. Rf2 Rd7 38. Ne8 Kf8 39. Nf6 Rd4 40. Rc2 Rxh4+ 41.
Kg1 Rd4 42. Kh2 Rd3 43. g3 b3 0-1

[Event "10th European Teams w"]
[Site "Warsaw POL"]
[Date "2013.11.09"]
[Round "2.1"]
[White "Goryachkina, Aleksandra"]
[Black "Shvayger, Yuliya"]
[Result "1/2-1/2"]
[WhiteTitle "WGM"]
[BlackTitle "WIM"]
[WhiteElo "2438"]
[BlackElo "2294"]
[WhiteTeam "Russia"]
[BlackTeam "Israel"]
[WhiteFideId "4147103"]
[BlackFideId "14100126"]
[EventDate "2013.11.08"]

1. d4 Nf6 2. c4 g6 3. Nc3 d5 4. cxd5 Nxd5 5. Bd2 Bg7 6. e4 Nb6 7. Be3 O-O 8. Bb5
Bd7 9. Be2 a5 10. f4 a4 11. Nf3 f5 12. e5 Bc6 13. d5 Nxd5 14. Bc4 e6 15. Ng5
Bxe5 16. Nxe6 Bxc3+ 17. bxc3 Qh4+ 18. Bf2 Qe7 19. Bxd5 Bxd5 20. Qxd5 Ra6 21. O-O
Qxe6 22. Qxb7 Qe4 23. Qxc7 Rc6 24. Qa5 Qc4 25. Bd4 Nd7 26. Rfe1 Rb8 27. Rab1
Rxb1 28. Rxb1 Qxa2 29. Qa8+ Kf7 30. Rb7 Qe6 31. h3 h5 32. Qh8 a3 33. Ra7 Ra6 34.
Qg7+ Ke8 35. Qh8+ Kf7 36. Qg7+ Ke8 37. Qh8+ Kf7 38. Rxd7+ Qxd7 39. Qg7+ Ke8 40.
Qg8+ Ke7 41. Bc5+ Kf6 42. Bd4+ Ke7 43. Bc5+ Kf6 44. Bd4+ Ke7 45. Bc5+ Kf6 46.
Qf8+ Ke6 47. Qg8+ Kf6 48. Qf8+ Ke6 49. Qg8+ Kf6 50. Qf8+ Ke6 51. Qg8+ Kf6 52.
Bd4+ Ke7 53. Bc5+ Kf6 1/2-1/2

[Event "10th European Teams w"]
[Site "Warsaw POL"]
[Date "2013.11.09"]
[Round "2.2"]
[White "Raeva, Elitsa"]
[Black "Arabidze, Meri"]
[Result "0-1"]
[WhiteTitle "WIM"]
[BlackTitle "WGM"]
[WhiteElo "2361"]
[BlackElo "2374"]
[WhiteTeam "Bulgaria"]
[BlackTeam "Georgia"]
[WhiteFideId "2906660"]
[BlackFideId "13604040"]
[EventDate "2013.11.08"]

1. d4 Nf6 2. Nf3 e6 3. e3 b6 4. Bd3 Bb7 5. O-O d5 6. b3 Be7 7. Bb2 O-O 8. Qe2 c5
9. Ne5 Nc6 10. Nxc6 Bxc6 11. Nd2 Qc7 12. dxc5 bxc5 13. e4 c4 14. bxc4 dxe4 15.
Nxe4 Nxe4 16. Bxe4 Bxe4 17. Qxe4 Rfc8 18. Qg4 Bf8 19. h4 Qxc4 20. Qg3 Qxc2 21.
Be5 Qf5 22. Rac1 a5 23. a4 Qe4 24. h5 h6 25. Bf4 Kh8 26. Rfe1 Qxa4 27. Qf3 Kg8
28. Rb1 Qc6 29. Qg3 Kh8 30. Be5 a4 31. Qf4 f6 32. Ba1 e5 33. Qf5 a3 34. f4 Qc5+
35. Kh1 exf4 36. Qg6 Ra5 0-1

[Event "10th European Teams w"]
[Site "Warsaw POL"]
[Date "2013.11.09"]
[Round "2.2"]
[White "Khotenashvili, Bela"]
[Black "Videnova, Iva"]
[Result "1-0"]
[WhiteTitle "IM"]
[BlackTitle "WGM"]
[WhiteElo "2524"]
[BlackElo "2272"]
[WhiteTeam "Georgia"]
[BlackTeam "Bulgaria"]
[WhiteFideId "13602640"]
[BlackFideId "2907763"]
[EventDate "2013.11.08"]

1. d4 c5 2. d5 d6 3. e4 g6 4. Nf3 Bg7 5. Nc3 Nf6 6. Be2 O-O 7. O-O Na6 8. Re1
Nc7 9. Bc4 Bg4 10. h3 Bxf3 11. Qxf3 Nd7 12. Qd1 a6 13. a4 b6 14. Rb1 Qb8 15. Bf1
b5 16. Be3 b4 17. Ne2 e6 18. dxe6 Nxe6 19. f4 Nb6 20. b3 d5 21. f5 d4 22. fxe6
dxe3 23. a5 Nc8 24. exf7+ Kh8 25. Qd5 Qa7 26. Nf4 Qxf7 27. Qxf7 Rxf7 28. Ne6 Be5
29. Rbd1 Nd6 30. Rxe3 Nb7 31. Rd5 Bb2 32. Ng5 Rc7 33. Rf3 Nxa5 34. Ne6 Rc6 35.
Nd8 Rf6 36. e5 Bd4+ 37. Kh1 Rxf3 38. gxf3 Kg7 39. Ne6+ 1-0

[Event "10th European Teams w"]
[Site "Warsaw POL"]
[Date "2013.11.09"]
[Round "2.2"]
[White "Voiska, Margarita"]
[Black "Javakhishvili, Lela"]
[Result "1/2-1/2"]
[WhiteTitle "WGM"]
[BlackTitle "IM"]
[WhiteElo "2298"]
[BlackElo "2423"]
[WhiteTeam "Bulgaria"]
[BlackTeam "Georgia"]
[WhiteFideId "2900602"]
[BlackFideId "13601458"]
[EventDate "2013.11.08"]

1. d4 Nf6 2. c4 e6 3. Nc3 Bb4 4. e3 O-O 5. Bd3 Re8 6. Nf3 d5 7. O-O b6 8. a3
Bxc3 9. bxc3 Ba6 10. cxd5 Bxd3 11. Qxd3 exd5 12. c4 Nc6 13. Bd2 Ne4 14. Rfc1 Ne7
15. Bb4 c5 16. dxc5 a5 17. Be1 Nxc5 18. Qc2 dxc4 19. Rd1 Nd3 20. Qxc4 Nb2 21.
Rxd8 Nxc4 22. Rd4 Rac8 23. a4 f6 24. Nd2 Nxd2 25. Bxd2 Nf5 26. Rd5 Red8 27.
Rxd8+ Rxd8 28. Bc3 Rc8 29. Ra3 Nd6 30. Kf1 Ne4 31. Bd4 Rc2 32. f3 Nd2+ 33. Kg1
Nc4 34. Rb3 Ra2 35. Bxb6 Rxa4 36. Bd4 Rb4 37. Rc3 a4 38. Bc5 Rb1+ 39. Kf2 Ne5
40. Bd4 Rb2+ 41. Kg3 1/2-1/2

[Event "10th European Teams w"]
[Site "Warsaw POL"]
[Date "2013.11.09"]
[Round "2.3"]
[White "Alexandrova, Olga"]
[Black "Socko, Monika"]
[Result "1/2-1/2"]
[WhiteTitle "IM"]
[BlackTitle "GM"]
[WhiteElo "2427"]
[BlackElo "2431"]
[WhiteTeam "Spain"]
[BlackTeam "Poland"]
[WhiteFideId "14102463"]
[BlackFideId "1106619"]
[EventDate "2013.11.08"]

1. d4 Nf6 2. c4 e6 3. Nc3 Bb4 4. e3 d5 5. a3 Bxc3+ 6. bxc3 O-O 7. cxd5 exd5 8.
Bd3 c5 9. Ne2 Re8 10. O-O Nc6 11. f3 Qc7 12. Ra2 Bd7 13. Ng3 Rad8 14. Re2 Ne7
15. Qe1 Qa5 16. e4 dxe4 17. Nxe4 Nxe4 18. Rxe4 Ng6 19. Bg5 Rc8 20. Bc1 Red8 21.
Re2 Bc6 22. Bf5 Ra8 23. Qd2 cxd4 24. Bxg6 hxg6 25. cxd4 Qb6 26. Ref2 Bb5 27. Rd1
Ba4 28. Re1 Rxd4 29. Qb2 Qxb2 30. Bxb2 Rd3 31. h4 Rad8 32. Re7 Bc6 33. Kh2 R8d5
34. Ree2 Rh5 35. Kg3 Rdd5 36. Rd2 f6 37. Rxd5 Rxd5 38. Bc3 Kf7 39. Rd2 Rb5 40.
Rb2 Rh5 41. Re2 a5 42. Kf2 Rc5 43. Re3 Bd5 44. g4 Be6 45. Kg3 Rd5 46. f4 b6 47.
g5 Rd1 48. Be1 Bd7 49. Kf2 Ra1 50. Rb3 Ra2+ 51. Kg3 Re2 52. Bf2 b5 53. Bb6 a4
54. Re3 Rxe3+ 1/2-1/2

[Event "10th European Teams w"]
[Site "Warsaw POL"]
[Date "2013.11.09"]
[Round "2.3"]
[White "Zawadzka, Jolanta"]
[Black "Vega Gutierrez, Sabrina"]
[Result "1-0"]
[WhiteTitle "WGM"]
[BlackTitle "IM"]
[WhiteElo "2383"]
[BlackElo "2385"]
[WhiteTeam "Poland"]
[BlackTeam "Spain"]
[WhiteFideId "1122320"]
[BlackFideId "2219026"]
[EventDate "2013.11.08"]

1. e4 c5 2. Nf3 Nc6 3. d4 cxd4 4. Nxd4 Nf6 5. Nc3 e5 6. Ndb5 d6 7. Bg5 a6 8. Na3
b5 9. Bxf6 gxf6 10. Nd5 Bg7 11. Bd3 Ne7 12. Nxe7 Qxe7 13. c3 f5 14. Nc2 Qb7 15.
f3 f4 16. Nb4 O-O 17. g4 fxg3 18. hxg3 a5 19. Nd5 Be6 20. Qd2 Bxd5 21. exd5 f5
22. O-O-O b4 23. c4 Rae8 24. Qc2 Qe7 25. Rde1 Qg5+ 26. Kb1 h6 27. Re2 Qf6 28.
Rhe1 Kh8 29. g4 e4 30. fxe4 fxe4 31. Bxe4 a4 32. g5 Qxg5 33. Qxa4 Rb8 34. Qb3
Qf6 35. Bc2 Rbc8 36. Re6 Qd4 37. R6e4 Qf6 38. Ka1 Rfd8 39. Bb1 Rf8 40. Re6 Qf2
41. R6e2 Qf7 42. Re7 Qg8 43. Rg1 Rf7 44. Rxf7 Qxf7 45. Qd3 Qg8 46. Rg6 b3 47.
Qxb3 Rb8 48. Rxg7 Kxg7 49. Qg3+ Kh8 50. Qxd6 Qf8 51. Qe5+ Kg8 52. Qc7 1-0

[Event "10th European Teams w"]
[Site "Warsaw POL"]
[Date "2013.11.09"]
[Round "2.3"]
[White "Matnadze, Ana"]
[Black "Rajlich, Iweta"]
[Result "1/2-1/2"]
[WhiteTitle "IM"]
[BlackTitle "IM"]
[WhiteElo "2373"]
[BlackElo "2404"]
[WhiteTeam "Spain"]
[BlackTeam "Poland"]
[WhiteFideId "13601377"]
[BlackFideId "1108166"]
[EventDate "2013.11.08"]

1. d4 Nf6 2. Nf3 e6 3. c4 c5 4. d5 exd5 5. cxd5 d6 6. Nc3 g6 7. g3 Bg7 8. Bg2
O-O 9. O-O Re8 10. Bf4 Na6 11. Re1 Bf5 12. Nh4 Bd7 13. e4 b5 14. a3 Qb6 15. Qd2
c4 16. Be3 Nc5 17. h3 Qc7 18. Bxc5 Qxc5 19. Rac1 a5 20. Na2 h6 21. g4 g5 22. e5
dxe5 23. Nf5 Bxf5 24. gxf5 Qd4 25. Qc2 g4 26. hxg4 Qxg4 27. Re3 e4 28. Nc3 Qxf5
29. Nxb5 Rad8 30. Nc3 Ng4 31. Rxe4 Rxe4 32. Nxe4 Bd4 33. Qe2 Re8 34. Qf3 Qg6 35.
Rd1 Rxe4 36. Qxe4 Bxf2+ 37. Kf1 f5 38. Qe6+ Qxe6 39. dxe6 Ne3+ 40. Ke2 Nxd1 41.
Kxd1 Kg7 42. Bd5 Bc5 43. Bxc4 Kf6 44. Ke2 Bd6 45. b4 axb4 46. axb4 Bxb4 47. Kf3
Bd6 48. Kg2 Ke5 49. Be2 Kxe6 50. Bf3 Kf6 51. Bc6 h5 52. Bb7 Kg5 53. Bc6 Kg4 54.
Bf3+ Kf4 55. Bxh5 Kg5 1/2-1/2

[Event "10th European Teams w"]
[Site "Warsaw POL"]
[Date "2013.11.09"]
[Round "2.3"]
[White "Szczepkowska-Horowska, Karina"]
[Black "Nicolas Zapata, Irene"]
[Result "1-0"]
[WhiteTitle "WGM"]
[BlackTitle "WIM"]
[WhiteElo "2382"]
[BlackElo "2241"]
[WhiteTeam "Poland"]
[BlackTeam "Spain"]
[WhiteFideId "1122681"]
[BlackFideId "22247270"]
[EventDate "2013.11.08"]

1. e4 c5 2. Nf3 d6 3. d4 cxd4 4. Qxd4 Nc6 5. Bb5 Bd7 6. Bxc6 Bxc6 7. Nc3 e5 8.
Qd3 h6 9. Be3 Nf6 10. O-O-O Be7 11. h3 Rc8 12. g4 b5 13. g5 hxg5 14. Nxg5 b4 15.
Nb5 Bxb5 16. Qxb5+ Qd7 17. Qd3 Qa4 18. Kb1 Nd7 19. Rhg1 Nb6 20. b3 Qc6 21. Rg3
Na8 22. Bd2 a5 23. Rc1 Nc7 24. c3 bxc3 25. Rxc3 Qd7 26. Nf3 Bf6 27. Rc1 O-O 28.
Bxa5 Ne6 29. Bc3 Nf4 30. Qe3 Rfe8 31. Nd2 d5 32. exd5 Nxd5 33. Ne4 Qf5 34. Qf3
Qh7 35. Kb2 Bh4 36. Nd6 Nf4 37. Nxe8 Bxg3 38. Nf6+ gxf6 39. Qg4+ Qg6 40. Qxc8+
Kh7 41. Rg1 Nd3+ 42. Ka1 Nxf2 43. Be1 Ne4 44. Qc4 Bxe1 45. Rxg6 Bc3+ 46. Qxc3
Nxc3 47. Rxf6 Kg7 48. Rf1 e4 49. Kb2 Nd5 50. a4 Kg6 51. a5 f5 52. a6 Kg5 53. a7
Nb6 54. Kc3 f4 55. Kd4 Kf5 56. h4 f3 57. Ke3 Nd5+ 58. Kf2 Nb6 1-0

[Event "10th European Teams w"]
[Site "Warsaw POL"]
[Date "2013.11.09"]
[Round "2.4"]
[White "Galojan, Lilit"]
[Black "Goossens, Hanne"]
[Result "1-0"]
[WhiteTitle "IM"]
[WhiteElo "2301"]
[BlackElo "2069"]
[WhiteTeam "Armenia"]
[BlackTeam "Belgium"]
[WhiteFideId "13301314"]
[BlackFideId "200468"]
[EventDate "2013.11.08"]

1. Nf3 c5 2. b3 Nc6 3. Bb2 d6 4. c4 e5 5. d3 g6 6. e3 Bg7 7. Nc3 Nf6 8. Be2 O-O
9. O-O Re8 10. Qc2 b6 11. a3 Bb7 12. Rac1 d5 13. cxd5 Nxd5 14. Rfd1 Rc8 15. Nxd5
Qxd5 16. Bf1 Na5 17. Nd2 Qe6 18. Bc3 Nc6 19. Qb1 Ne7 20. Ba1 Nf5 21. b4 cxb4 22.
axb4 Nh4 23. Rxc8 Rxc8 24. e4 Bh6 25. Nc4 Bg7 26. Ne3 f5 27. exf5 Qc6 28. fxg6
hxg6 29. b5 Qf6 30. Qa2+ Kh7 31. d4 Qg5 32. d5 Rh8 33. Qe2 Kg8 34. Qg4 Qh6 35.
h3 Qf4 36. d6 Qf6 37. d7 Kh7 38. Bxe5 Qd8 39. Bxg7 Kxg7 40. Qd4+ Kh7 41. Ra1 Rf8
42. Rxa7 Ba8 43. Rxa8 Qxa8 44. Qxh4+ Kg7 45. Qe7+ 1-0

[Event "10th European Teams w"]
[Site "Warsaw POL"]
[Date "2013.11.09"]
[Round "2.4"]
[White "Barbier, Wiebke"]
[Black "Kursova, Maria"]
[Result "0-1"]
[BlackTitle "WGM"]
[WhiteElo "1945"]
[BlackElo "2339"]
[WhiteTeam "Belgium"]
[BlackTeam "Armenia"]
[WhiteFideId "207977"]
[BlackFideId "4129709"]
[EventDate "2013.11.08"]

1. e4 c5 2. d3 Nc6 3. f4 g6 4. Nf3 Bg7 5. c3 d6 6. Be2 Nf6 7. O-O O-O 8. Na3 Rb8
9. Nc2 b5 10. Qe1 b4 11. c4 Nd7 12. f5 b3 13. axb3 Rxb3 14. Ng5 Nf6 15. fxg6
fxg6 16. Qh4 h6 17. Nh3 g5 18. Qe1 Ne5 19. Nf2 Qb6 20. Ne3 e6 21. Bd2 Rxb2 22.
Qc1 Nc6 23. Bd1 Nd7 24. Bg4 Nde5 25. Bc3 Rbxf2 26. Rxf2 Rxf2 27. Rb1 Qc7 28. Qd1
Nxg4 29. Nxg4 Rf8 30. Bxg7 Qxg7 31. Qa4 Qd4+ 32. Kh1 Qxd3 33. Rg1 Bd7 34. Nxh6+
Kg7 35. Ng4 Rf1 36. h3 Rxg1+ 37. Kxg1 Qxe4 38. Qa1+ Qd4+ 0-1

[Event "10th European Teams w"]
[Site "Warsaw POL"]
[Date "2013.11.09"]
[Round "2.4"]
[White "Hairapetian, Anna"]
[Black "Dierckens, Sarah"]
[Result "1-0"]
[WhiteTitle "WIM"]
[WhiteElo "2221"]
[BlackElo "1872"]
[WhiteTeam "Armenia"]
[BlackTeam "Belgium"]
[WhiteFideId "13303554"]
[BlackFideId "205745"]
[EventDate "2013.11.08"]

1. e4 e6 2. d4 d5 3. Nc3 Nf6 4. e5 Nfd7 5. f4 c5 6. Nf3 Nc6 7. Be3 cxd4 8. Nxd4
Bc5 9. Qd2 O-O 10. O-O-O a6 11. h4 Nxd4 12. Bxd4 b5 13. Rh3 b4 14. Na4 Bxd4 15.
Qxd4 f6 16. Qxb4 fxe5 17. Qd6 Qf6 18. f5 Qh6+ 19. Kb1 Rxf5 20. Be2 Qg6 21. h5
Qxg2 22. Qxe6+ Rf7 23. Bf3 Nf8 24. Qxf7+ Kxf7 25. Bxg2 1-0